| 000 | 00607 a2200181 4500 | ||
|---|---|---|---|
| 020 | _a0521684242 | ||
| 020 | _a9780521684248 | ||
| 082 | _a515 | ||
| 090 |
_c958 _d958 |
||
| 100 | 1 | _aBrannan, David Alexander. | |
| 245 | 1 | 2 |
_aA first course in mathematical analysis / _cDavid Alexander Brannan. |
| 250 | _aRevised. | ||
| 260 |
_a[S.l.] : _bCambridge University Press, _c2006. |
||
| 300 |
_a459 p. ; _c25 cm. |
||
| 700 | _aBrannan, David Alexander. | ||
| 942 |
_aSNS _cBK _k515 BRA |
||
| 999 |
_c29577 _d29577 |
||